JohnE. Freund's : (Record no. 8550)

MARC details
000 -LEADER
fixed length control field 00670nam a22002177a 4500
003 - CONTROL NUMBER IDENTIFIER
control field OSt
005 - DATE AND TIME OF LATEST TRANSACTION
control field 20240617122757.0
008 - FIXED-LENGTH DATA ELEMENTS--GENERAL INFORMATION
fixed length control field 240617b |||||||| |||| 00| 0 eng d
020 ## - INTERNATIONAL STANDARD BOOK NUMBER
International Standard Book Number 0131246461
040 ## - CATALOGING SOURCE
Transcribing agency must
082 ## - DEWEY DECIMAL CLASSIFICATION NUMBER
Edition number 7th ed.
Classification number 519.5 MIL 2004
100 ## - MAIN ENTRY--PERSONAL NAME
Personal name Miller,Irwin.
Fuller form of name Irwin Miller
9 (RLIN) 17353
245 ## - TITLE STATEMENT
Title JohnE. Freund's :
Remainder of title Mathematical statistics with application/
Statement of responsibility, etc. Irwin Miller, Maryless Miller
250 ## - EDITION STATEMENT
Edition statement 7th ed.
260 ## - PUBLICATION, DISTRIBUTION, ETC. (IMPRINT)
Place of publication, distribution, etc. Peason Education,inc:
Name of publisher, distributor, etc. peason prentice hall;
Date of publication, distribution, etc. 2004.
300 ## - PHYSICAL DESCRIPTION
Extent x,614p.:
Other physical details ill;
Dimensions 23cm.
504 ## - BIBLIOGRAPHY, ETC. NOTE
Bibliography, etc Includes Index
600 ## - SUBJECT ADDED ENTRY--PERSONAL NAME
Source of heading or term mathematics
700 ## - ADDED ENTRY--PERSONAL NAME
Personal name Miller,Marylees
Fuller form of name Irwin Miller.
9 (RLIN) 17354
942 ## - ADDED ENTRY ELEMENTS (KOHA)
Source of classification or shelving scheme Dewey Decimal Classification
Koha item type Open Shelf
Holdings
Withdrawn status Lost status Source of classification or shelving scheme Damaged status Not for loan Home library Current library Date acquired Source of acquisition Inventory number Total Checkouts Full call number Barcode Date last seen Price effective from Koha item type
    Other/Generic Classification Scheme     MUST Main Library MUST Main Library 17/06/2024 purchase 06/28221   519.5 MIL 2004 2024-20658 17/06/2024 17/06/2024 Open Shelf